Health providers in India: (Record no. 38303)

MARC details
000 -LEADER
fixed length control field 00897nam a22002417a 4500
005 - DATE AND TIME OF LATEST TRANSACTION
control field 20100730153454.0
010 ## - LCCN (DPL NO)
LC control number ENG-97176
020 ## - INTERNATIONAL STANDARD BOOK NUMBER
International Standard Book Number 9780415579773
Terms of availability 595.00
035 ## - SYSTEM CONTROL NUMBER
System control number EN-80709
037 ## - SOURCE OF ACQUISITION
Source of stock number/acquisition DBAD/PUB
082 ## - DEWEY DECIMAL CLASSIFICATION NUMBER
Classification number 362.10954
245 ## - TITLE STATEMENT
Title Health providers in India:
Remainder of title on the frontlines of change /
Statement of responsibility, etc edited by Kabir sheikh [and] Asha George
260 ## - PUBLICATION, DISTRIBUTION, ETC. (IMPRINT)
Place of publication, distribution, etc New Delhi
Name of publisher, distributor, etc Routledge
Date of publication, distribution, etc 2010
270 ## - ADDRESS
Address 912-915 Tolstoy House, 15-17 Tolstoy Marg
City New Delhi
Postal code 110001
300 ## - PHYSICAL DESCRIPTION
Extent xix, 281p.
Dimensions 22cm (Hb)
500 ## - GENERAL NOTE
General note Includes index
650 ## - SUBJECT ADDED ENTRY--TOPICAL TERM
Topical term or geographic name as entry element Medical Personel
Geographic subdivision India
650 ## - SUBJECT ADDED ENTRY--TOPICAL TERM
Topical term or geographic name as entry element Medical Care
Geographic subdivision India
700 ## - ADDED ENTRY--PERSONAL NAME
Personal name Sheikh, Kabir
9 (RLIN) 2773
700 ## - ADDED ENTRY--PERSONAL NAME
Personal name George, Asha
9 (RLIN) 2774
942 ## - ADDED ENTRY ELEMENTS (KOHA)
Source of classification or shelving scheme Dewey Decimal Classification
Item type English Books
Classification part 362.10954
Call number suffix HEA
Holdings
Withdrawn status Lost status Not for loan Collection code Home library Current library Date acquired Source of acquisition Cost, normal purchase price Full call number Barcode Copy number Cost, replacement price Koha item type
    Not For Loan Non-fiction D.B.Act.Division D.B.Act.Division 30/07/2010 DBAD/PUB 595.00 362.10954 HEA EN-80709 1 595.00 English Books

© Delhi Public Library
Hit Counter
free hit counter